Statistiken für Brunei-Quiz

Klicken Sie hier um das Quiz zu spielen!

Allgemein

  • Dieses Quiz wurde 809 mal gespielt
  • Das Durchschnittsergebnis liegt bei 12 aus 18

Antwortstatistiken

FrageAntwort% Korrekt
Länder, die sich ebenfalls auf dieser Insel befindenIndonesien
95%
Länder, die sich ebenfalls auf dieser Insel befindenMalaysia
95%
StaatsreligionIslam
92%
Regierungssystem von BruneiAbsolute {Monarchie}
89%
Land, von dem Brunei 1984 unabhängig wurdeVereinigtes Königreich
82%
Insel, auf welcher sich Brunei befindetBorneo
75%
HauptstadtBandar Seri Begawan
74%
Das Dorf Kampong Ayer in der Nähe der Hauptstadt ist das weltgrößte Dorf, das auf ____ gebaut wurdePfahlen
73%
HauptexportgutErdöl
70%
Meer, an dem Brunei grenztSüdchinesisches Meer
67%
Titel des Staatschef von BruneiSultan
67%
WährungBrunei-Dollar
61%
Gemäß einem Gesetz von 2019 können Leute wegen diesem "Verbrechen" gesteinigt werdenMännliche Homosexualität
52%
Die Regenwälder Brunei sind die Heimat dieser Affenart, die nach dessen ungewöhnlich großen Körperteil benannt istNasenaffe
46%
Vollständiger Name BruneisBrunei {Darussalam}
44%
Wie in Singapur wird diese Waffe für einige Verbrechen in Brunei eingesetztStock
38%
Zweitgrößte Ethnie, nach den MalaienHan-Chinesen
37%
Was der obige Satz auf deutsch bedeutetHeimat des {Friedens}
28%

Verteilung der Resultate

Perzentil nach korrekt beantworteten Fragen

Anzahl Personen mit jedem Resultat

Ihre Resultats-Entwicklung

Sie haben dieses Quiz noch nicht gespielt